Lincoln City Trivia - Statistics

General Stats
  • This quiz has been taken 14 times
  • The average score is 8 of 15
Answer Stats
Question Answer % Correct
What is Lincoln City’s nickname? The {Imps}
100%
What is the name of Lincoln City’s stadium? LNER Stadium
82%
Who is the current head coach of Lincoln City? Michael Skubala
82%
Who was the most recent captain of Lincoln City? Paudie O'Connor
82%
Which club did Lincoln City face in the Quarter-Finals of the 2016/17 FA Cup, becoming the first non-league side to progress to the last eight since 1913/14? Arsenal
73%
What is the surname of brothers Danny and Nicky who, as manager and assistant manager, guided Lincoln City to the National League and League Two titles during their three years in charge? Cowley
73%
Which of Lincoln City's Lincolnshire Derby rivals are considered to be their biggest? Grimsby Town
64%
Which team did Lincoln City beat 1-0 in the 2018 Checkatrade Trophy Final? Shrewsbury Town
64%
Who is Lincoln City’s record signing, arriving from Barnet for £85k in 2018? John Akinde
55%
Which Englishman is Lincoln City’s record appearance-maker with 489? Grant Brown
36%
Who made 170 appearances for Lincoln City as a player before being promoted to manager and guiding the club to the 1975/76 Fourth Division title? Graham Taylor
27%
Who is Lincoln City’s record sale, joining Liverpool for £750k in 2005? Jack Hobbs
27%
In what year did Lincoln City become the first club to suffer automatic relegation from the Football League after finishing bottom of the Fourth Division? 1987
9%
Which Englishman is Lincoln City’s record goalscorer with 143? Andy Graver
0%
Who is Lincoln City's longest-serving manager, taking charge of 855 games between 1946 and 1965? Bill Anderson
0%
No matching quizzes found
Score Distribution
Percent of People with Each Score
Percentile by Number Answered
Your Score History
You have not taken this quiz